Party Politics / (Record no. 41204)
[ view plain ]
| 000 -LEADER | |
|---|---|
| fixed length control field | 00903nam a2200301 a 4500 |
| 001 - CONTROL NUMBER | |
| control field | 41204 |
| 003 - CONTROL NUMBER IDENTIFIER | |
| rucl marc code | BD-RjUL |
| 005 - DATE AND TIME OF LATEST TRANSACTION | |
| control field | 20211209053339.0 |
| 008 - FIXED-LENGTH DATA ELEMENTS--GENERAL INFORMATION | |
| fixed length control field | 160517s1962 enk||||| |||| 001 0 eng d |
| 020 ## - INTERNATIONAL STANDARD BOOK NUMBER | |
| Terms of availability | (V-3) |
| Terms of availability | (V-1) |
| 035 ## - SYSTEM CONTROL NUMBER | |
| System control number | (BD-RjUL) 41320 |
| 040 ## - CATALOGING SOURCE | |
| Original cataloging agency | BD-RjUL |
| Language of cataloging | eng |
| Transcribing agency | BD-RjUL |
| 041 ## - LANGUAGE CODE | |
| Language code of text/sound track or separate title | eng |
| 082 ## - DEWEY DECIMAL CLASSIFICATION NUMBER | |
| Edition number | 23 |
| Classification number | 320.941 |
| Author mark and year | JEP 1960-1962 |
| 100 1# - MAIN ENTRY--PERSONAL NAME | |
| Personal name | Jennings, Ivor |
| 9 (RLIN) | 125300 |
| 245 10 - TITLE STATEMENT | |
| Title | Party Politics / |
| Statement of responsibility, etc. | Ivor Jennings |
| 260 ## - PUBLICATION, DISTRIBUTION, ETC. (IMPRINT) | |
| Place of publication, distribution, etc. | Cambridge : |
| Name of publisher, distributor, etc. | At the University Press, |
| Date of publication, distribution, etc. | 1960-1962 |
| 300 ## - PHYSICAL DESCRIPTION | |
| Pagination | Vol. ; |
| Size | 23 cm. |
| 490 ## - SERIES STATEMENT | |
| Series statement | Party politics ; |
| Volume/sequential designation | 3 |
| Series statement | Party politics ; |
| Volume/sequential designation | 1 |
| 500 ## - GENERAL NOTE | |
| General note | Includes index |
| 505 0# - FORMATTED CONTENTS NOTE | |
| Formatted contents note | Vol. 3 (The Stuff of Politics) --- V. 1 (Appeal to the People) --- |
| 650 ## - SUBJECT ADDED ENTRY--TOPICAL TERM | |
| Topical term or geographic name as entry element | Politics and government |
| Geographic subdivision | Great Britain |
| 9 (RLIN) | 123847 |
| 830 ## - SERIES ADDED ENTRY--UNIFORM TITLE | |
| Uniform title | Party politics ; |
| Volume number/sequential designation | 3 |
| Uniform title | Party politics ; |
| Volume number/sequential designation | 1 |
| 942 ## - ADDED ENTRY ELEMENTS (KOHA) | |
| Source of classification or shelving scheme | Dewey Decimal Classification |
| Koha item type | Books |
| Lost status | Source of classification or shelving scheme | Damaged status | Not for loan | Collection code | Permanent Location | Current Location | Shelving location | Date acquired | Source of acquisition | Cost, normal purchase price | Total Checkouts | Full call number | Date last seen | Date checked out | Copy number | Koha item type |
|---|---|---|---|---|---|---|---|---|---|---|---|---|---|---|---|---|
| Dewey Decimal Classification | Non-fiction | Central Library, University of Rajshahi | Central Library, University of Rajshahi | 28/12/1966 | Ralhick Proths | 99.75 | 1 | 320.941 JEP V-3 1962 | 20/11/2022 | 16/10/2022 | C-2 | Books | ||||
| Dewey Decimal Classification | Non-fiction | Central Library, University of Rajshahi | Central Library, University of Rajshahi | 28/12/1966 | Ralhick Proths | 99.75 | 320.941 JEP V-1 1960 | 17/05/2016 | C-2 | Books |